Regional innovation policy for small-medium enterprises
Na minha lista:
| Outros Autores: | |
|---|---|
| Formato: | Livro |
| Idioma: | inglês |
| Publicado em: |
Cheltenham
Edward Elgar Publishing
2003
|
| Assuntos: | |
| Tags: |
Sem tags, seja o primeiro a adicionar uma tag!
|
MARC
| LEADER | 00000nam a2200000 4500 | ||
|---|---|---|---|
| 001 | 0184652 | ||
| 005 | 20240315121804.3 | ||
| 020 | |a 1-84376-398-2 | ||
| 041 | 0 | |a eng | |
| 044 | |a GB | ||
| 245 | 1 | 0 | |a Regional innovation policy for small-medium enterprises |c edited by: Bjørn T. Asheim ... [et al.] |
| 264 | 1 | |a Cheltenham |b Edward Elgar Publishing |c 2003 | |
| 300 | |a 240 s. | ||
| 610 | 2 | 0 | |a podnik malý |
| 610 | 2 | 0 | |a podnik stredný |
| 610 | 2 | 0 | |a inovácia |
| 610 | 2 | 0 | |a technológie nové |
| 610 | 2 | 0 | |a podpora podnikania |
| 700 | 1 | |a Asheim, Bjorn T. | |